000 00512nam a2200181Ia 4500
999 _c6776
_d6776
003 OSt
005 20200120155953.0
008 190216s9999||||xx |||||||||||||| ||und||
020 _a9788178081151
040 _coclc
082 _a658.45
_bTAY/C
100 _aTaylor, Shirley
_91325
245 0 _aCommunication For Business /
_cShirley Taylor
250 _a3rd ed.
260 _bPearson Education Asia,
_aDelhi:
_c2003.
300 _a348p
942 _cBK
_2ddc
_h658.45
_iTAY/C
_k658.45
_mTAY/C